Music Quiz

Random Music or Bands Quiz

20 Graduating Musicians by Picture Quiz Stats

 Plays Quiz Updated May 19, 2015

Challenge
Share
Tweet
Score 0/20 Timer 05:00
1 Play Today
% Correct
Michael Jackson, Fisk University, 1988
98.4%
Bono, University of Pennsylvania, 2004
96.4%
Elton John, Royal Academy of Music, 2002
93%
Yoko Ono, University of Liverpool, 2001
88.8%
Dolly Parton, University of Tennessee, 2009
83.2%
David Bowie, Berklee College of Music, 1999
82.6%
Aretha Franklin, Harvard University, 2014
79.1%
Whitney Houston, Grambling State University, 1988
75.1%
Bob Dylan, University of St Andrews, 2004
72.8%
Steven Tyler, Berklee College of Music, 2003
72%
% Correct
Sean Combs/P Diddy/Puff Daddy etc., Howard University, 2014
67.9%
Barbra Streisand, Hebrew University of Jerusalem, 2013
65.1%
Frank Sinatra, Stevens Institute of Technology, 1985
65.1%
Annie Lennox, University of Essex, 2013
52.2%
Bob Geldof, Newcastle University, 2007
35.2%
Kylie Minogue, Anglia Ruskin University, 2011
30%
Nat King Cole, Morgan State College, 1963
28%
Jimmy Page, Berklee College of Music, 2014
23.3%
Patti Smith, Pratt Institute, 2010
15.9%
Pete Seeger, Manhattan School of Music, 2008
7.7%

You're not logged in!

Compare scores with friends on all Sporcle quizzes.
OR
Log In

You Might Also Like...

Show Comments

Extras

Top Quizzes Today


Score Distribution

Your Account Isn't Verified!

In order to create a playlist on Sporcle, you need to verify the email address you used during registration. Go to your Sporcle Settings to finish the process.

Report this User

Report this user for behavior that violates our Community Guidelines.

Details: